Statistics for Expensive Car Quiz #2

Click here to take the quiz!

General Stats

  • This quiz has been taken 69 times
  • The average score is 10 of 45

Answer Stats

HintCar Company% Correct
DMC-12DeLorean
73%
X1McLaren
71%
ApolloGumpert
65%
FuraiMazda
60%
AeromaxMorgan
58%
CienCadillac
46%
TuataraSSC
46%
RGTRUF
35%
C12 ZagatoSpyker
33%
Series 1Shelby
33%
W8Vector
29%
T1Caparo
23%
OxiaPeugeot
23%
Roadyacht GTSSavage Rivale
23%
Atlantique 300Venturi
21%
Rocket 800Brabus
21%
C16Callaway
21%
Emerg-eInfiniti
19%
OrochiMitsuoka
19%
SJ SpeedsterDuesenberg
19%
BlenhiemBristol
17%
B12 5.7 CoupeAlpina
15%
EtnaLotus
15%
PlethoreHTT
15%
Century RoyalToyota
15%
ZZ IITommy Kaira
10%
AF-10Arash
10%
J2XAllard
10%
GTCitroen
10%
Faster OneWeber
10%
Chairman WSsangYong
8%
MirabeauLeBlanc
8%
GaraiyaASL
8%
9 CompetizioneSV
8%
Hai 450 SSMonteverdi
6%
Epique GT1De Macross
6%
C25Carlsson
6%
JP1Joss
6%
GTR 600Gemballa
6%
Renovatio T500Tushek
6%
RS3Veritas
4%
D8 120 AerosportDelage
4%
XTRTramontana
4%
6Panther
2%
F1Hulme
0%

Score Distribution

Percentile by Number Answered

Percent of People with Each Score

Your Score History

You have not taken this quiz